000
00266nam a22001217a 4500
008
170504b xxu||||| |||| 00| 0 eng d
041
_a
eng
080
_2
3 ED
_a
347
100
_a
13
101
_a
SHJ
245
_a
CIVILE PROCEDURE
_c
SPENCER.A.B
942
_2
udc
_c
BK
999
_c
12624
_d
12624